[Event "GER-ch Schools U18 Girls"]
[Site "Germany"]
[Date "2010.05.08"]
[Round "4.1"]
[White "Stitterich, Nadine"]
[Black "Klinger, Jacquelin"]
[Result "1-0"]
[WhiteElo "1974"]
[BlackElo "1544"]
[PlyCount "59"]
[EventDate "2010.05.07"]
[EventType "team-swiss"]
[EventRounds "7"]
[EventCountry "GER"]
[SourceTitle "EXT 2011"]
[Source "ChessBase"]
[SourceDate "2010.11.26"]
[SourceVersion "1"]
[SourceVersionDate "2010.11.26"]
[SourceQuality "1"]
[WhiteTeam "Stuttgart SG (W)"]
[BlackTeam "Wattenscheid (W)"]
[WhiteTeamCountry "GER"]
[BlackTeamCountry "GER"]

1. e4 c5 2. Nf3 Nc6 3. d4 cxd4 4. Nxd4 e6 5. Nc3 Bb4 6. Be3 Bxc3+ 7. bxc3 d5 8. Bb5 Qd6 9. 0-0 Nge7 10. c4 0-0 11. Nb3 Qd8 12. cxd5 exd5 13. Bc5 Be6 14. exd5 Bxd5 15. Bxc6 bxc6 16. c4 Bxc4 17. Qxd8 Rfxd8 18. Bxe7 Re8 19. Rfe1 Be6 20. Bc5 a6 21. h3 h6 22. Nd4 Bd5 23. a3 Rab8 24. Nf5 g6 25. Nxh6+ Kg7 26. Ng4 Rxe1+ 27. Rxe1 Rb5 28. Bd4+ Kf8 29. Nf6 Be6 30. Rc1 1-0

[Event "GER-ch Schools U18 Girls"]
[Site "Germany"]
[Date "2010.05.07"]
[Round "1.1"]
[White "Klinger, Jacquelin"]
[Black "Reyher, Susan"]
[Result "1-0"]
[WhiteElo "1544"]
[BlackElo "1246"]
[PlyCount "115"]
[EventDate "2010.05.07"]
[EventType "team-swiss"]
[EventRounds "7"]
[EventCountry "GER"]
[SourceTitle "EXT 2011"]
[Source "ChessBase"]
[SourceDate "2010.11.26"]
[SourceVersion "1"]
[SourceVersionDate "2010.11.26"]
[SourceQuality "1"]
[WhiteTeam "Wattenscheid (W)"]
[BlackTeam "Leegebruch (W)"]
[WhiteTeamCountry "GER"]
[BlackTeamCountry "GER"]

1. e4 e5 2. Nf3 Nc6 3. g3 Nf6 4. d3 Bc5 5. Bg2 d6 6. 0-0 Be6 7. Bg5 h6 8. Bd2 Qd7 9. Nc3 Bh3 10. a3 Bxg2 11. Kxg2 0-0 12. Qc1 Nd4 13. Nxd4 Bxd4 14. Ne2 Qg4 15. Nxd4 exd4 16. Qd1 Qg6 17. f4 Ng4 18. h3 Ne3+ 19. Bxe3 dxe3 20. Qe2 f5 21. exf5 Qxf5 22. Qxe3 Rfe8 23. Qf3 c6 24. Rae1 Re6 25. Qg4 Qd5+ 26. Qf3 Qxf3+ 27. Kxf3 Rae8 28. Rxe6 Rxe6 29. Kf2 Rf6 30. Kg2 Re6 31. g4 Re2+ 32. Rf2 Re6 33. g5 Rg6 34. h4 hxg5 35. hxg5 Kf7 36. Re2 Re6 37. Rf2 Ke7 38. Kf3 g6 39. Kg4 Kf7 40. Kf3 d5 41. Kg4 b5 42. f5 gxf5+ 43. Rxf5+ Kg6 44. Rf2 Rd6 45. Rh2 Kg7 46. Kf5 a6 47. Rh6 Rxh6 48. gxh6+ Kxh6 49. Ke5 Kg5 50. Kd6 Kf5 51. Kxc6 Ke5 52. c3 d4 53. Kc5 dxc3 54. bxc3 Ke6 55. Kc6 Ke5 56. d4+ Ke6 57. d5+ Ke7 58. Kc7 1-0

[Event "GER-ch Schools U18 Girls"]
[Site "Germany"]
[Date "2009.05.18"]
[Round "7.1"]
[White "Klinger, Jacquelin"]
[Black "Moyrer, Maren"]
[Result "1-0"]
[WhiteElo "1329"]
[BlackElo "984"]
[PlyCount "114"]
[EventDate "2009.05.16"]
[EventType "team-swiss"]
[EventRounds "7"]
[EventCountry "GER"]
[SourceTitle "EXT 2011"]
[Source "ChessBase"]
[SourceDate "2010.11.26"]
[SourceVersion "1"]
[SourceVersionDate "2010.11.26"]
[SourceQuality "1"]
[WhiteTeam "Wattenscheid (W)"]
[BlackTeam "Schoenborn Bruchsal (W)"]
[WhiteTeamCountry "GER"]
[BlackTeamCountry "GER"]

1. e4 e5 2. Nf3 Nc6 3. Nc3 Nf6 4. d3 h6 5. g3 Bc5 6. Bg2 0-0 7. 0-0 d6 8. Bd2 Be6 9. Qc1 Nh7 10. Be3 Nd4 11. Bxd4 Bxd4 12. Nxd4 exd4 13. Ne2 c5 14. c3 dxc3 15. bxc3 Ng5 16. Nf4 Qd7 17. Kh1 Rac8 18. h4 Nh7 19. Qd2 Nf6 20. Qe2 Rfe8 21. Nxe6 Rxe6 22. Kh2 b5 23. Bh3 Qe7 24. Bxe6 fxe6 25. Rab1 a6 26. Kg2 d5 27. e5 Nd7 28. Rbc1 Nb6 29. f4 Kh7 30. a4 c4 31. Qg4 Rf8 32. f5 exf5 33. Rxf5 Rxf5 34. Qxf5+ Kg8 35. Rf1 Nd7 36. e6 Nf8 37. Qf7+ Qxf7 38. exf7+ Kh7 39. Re1 Kg6 40. Rf1 h5 41. Kh3 a5 42. g4 b4 43. gxh5+ Kxh5 44. cxb4 axb4 45. Rg1 Kh6 46. Rg5 c3 47. Rxd5 Kg6 48. Rb5 c2 49. Rc5 Kxf7 50. Rxc2 Ng6 51. Kg4 Kf6 52. Rc6+ Kf7 53. Rb6 Ne7 54. Rxb4 g6 55. Rb7 Kf6 56. Rxe7 Kxe7 57. Kg5 Kf7 1-0

[Event "Ruhrgebiet-ch U18 Girls"]
[Site "Muelheim"]
[Date "2002.03.24"]
[Round "2"]
[White "Klinger, Jacquelin"]
[Black "Zemella, Jennifer"]
[Result "1/2-1/2"]
[WhiteElo "1111"]
[BlackElo "1256"]
[PlyCount "43"]
[EventDate "2002.??.??"]
[EventType "tourn"]
[EventRounds "7"]
[EventCountry "GER"]
[SourceTitle "EXT 2003"]
[Source "ChessBase"]
[SourceDate "2002.11.25"]
[SourceVersion "1"]
[SourceVersionDate "2002.11.25"]
[SourceQuality "1"]

1. c4 Nf6 2. Nf3 e6 3. Nc3 Be7 4. e3 Nc6 5. Be2 0-0 6. 0-0 d6 7. d3 Bd7 8. Bd2 Rb8 9. Qc2 a6 10. b3 Na7 11. h3 c5 12. Ne4 b5 13. Bc3 Nxe4 14. dxe4 b4 15. Bb2 Bf6 16. Bxf6 Qxf6 17. Rad1 Qe7 18. e5 dxe5 19. Nxe5 Bc6 20. Bf3 Bxf3 21. Nxf3 Rfe8 22. Qe4 1/2-1/2